Score 0/26 Timer 03:00
4 Plays Today
Clue 4-Letter Word % Correct
• The back of the foot ••HEEL•
98%
• Foot 'fingers' ••TOES•
97.3%
Truth or ____DARE
95.9%
House synonymHOME
95.2%
• Bottom of a foot ••SOLE•
95%
Pay attention to a warningHEED
94.5%
A hollow place in a surfaceHOLE
93.8%
Feeling pain after a workoutSORE
92.9%
An act for goodDEED
92.7%
Food from a pigPORK
92.5%
A place to play outsidePARK
92%
Completes an actionDOES
91.7%
Like nighttime, for instanceDARK
91.5%
Clue 4-Letter Word % Correct
• Foot garment ••SOCK•
90.6%
NerdDORK
90.4%
A place to moor boatsDOCK
90.3%
Address for a kingSIRE
90.2%
A large, old bookTOME
89.4%
UrgentDIRE
89.1%
Comedian Chappelle's first nameDAVE
89.1%
Harbor synonymPORT
88.8%
A piece or segmentPART
88.2%
To cover with concrete or asphaltPAVE
87.8%
Rick the DJ who hosts a top 40 showDEES
87.7%
• Shoe brand ••TOMS•
87.1%
To trim or cut awayPARE
86.4%

Today's Daily Dose

Quick Pick
2004 Events

Get the Picture
Thor Movies

You're not logged in!

Compare scores with friends on all Sporcle quizzes.
OR
Log In

Sporcle TV

Today on Sporcle TV


Watch our educational content, quiz creation guides, and fun videos on Sporcle TV.

Show Comments

Extras

Top Quizzes Today


Score Distribution

Paid Content

Your Account Isn't Verified!

In order to create a playlist on Sporcle, you need to verify the email address you used during registration. Go to your Sporcle Settings to finish the process.

Report this User

Report this user for behavior that violates our Community Guidelines.

Details: